<?xml version="1.0" encoding="UTF-8"?>
<record
    xmlns:xsi="http://www.w3.org/2001/XMLSchema-instance"
    xsi:schemaLocation="http://www.loc.gov/MARC21/slim http://www.loc.gov/standards/marcxml/schema/MARC21slim.xsd"
    xmlns="http://www.loc.gov/MARC21/slim">

  <leader>01594nam a22001937a 4500</leader>
  <controlfield tag="003">OSt</controlfield>
  <controlfield tag="005">20210211102650.0</controlfield>
  <controlfield tag="007">ta</controlfield>
  <controlfield tag="008">210211b1969    dr abd|jrp||| 001 0 eng d</controlfield>
  <datafield tag="040" ind1=" " ind2=" ">
    <subfield code="a">DO-SdBNP</subfield>
    <subfield code="b">spa</subfield>
    <subfield code="c">BNPHU</subfield>
  </datafield>
  <datafield tag="082" ind1=" " ind2=" ">
    <subfield code="a">BNPHU-xx</subfield>
    <subfield code="b">R231g</subfield>
  </datafield>
  <datafield tag="100" ind1="1" ind2=" ">
    <subfield code="a">Rastrilla  P&#xE9;rez , Juan</subfield>
    <subfield code="9">77747</subfield>
  </datafield>
  <datafield tag="245" ind1=" " ind2=" ">
    <subfield code="a">Geograf&#xED; Universal :</subfield>
    <subfield code="b">1er. a&#xF1;o. /</subfield>
    <subfield code="c">Antonio M. Zubia y Henr&#xED;quez Garc&#xED;a Ruiz ; Estela Tiburcio de Concepci&#xF3;n , adaptador.</subfield>
  </datafield>
  <datafield tag="260" ind1=" " ind2=" ">
    <subfield code="a">Santo Domingo :</subfield>
    <subfield code="b">DISESA ,</subfield>
    <subfield code="c">1969</subfield>
  </datafield>
  <datafield tag="300" ind1=" " ind2=" ">
    <subfield code="a">310 pg.</subfield>
    <subfield code="b">il., mapa , gr&#xE1;ficos ;</subfield>
    <subfield code="c">22 cm.</subfield>
  </datafield>
  <datafield tag="505" ind1="0" ind2=" ">
    <subfield code="a">Geograf&#xED;a General :</subfield>
    <subfield code="t">Lecci&#xF3;n 1 : cosmograf&#xED;a- el universo. 
Lecci&#xF3;n 2:  la tierra.
Lecci&#xF3;n 3:  la tierra: elementos f&#xED;sicos.
Lecci&#xF3;n 4:  la aguas marinas.
Lecci&#xF3;n 5:  el relieve terrestre.
Lecci&#xF3;n 6 : el clima.
Lecci&#xF3;n 7 : tipos de clima y vegetaci&#xF3;n.
Lecci&#xF3;n 8 : las aguas continentales.
Lecci&#xF3;n 9:   el hombre y el medio geograf&#xED;a.
Lecci&#xF3;n 10: el hombre en los pa&#xED;ses c&#xE1;lidos.
Lecci&#xF3;n 11: los hombres en los pa&#xED;ses secos.
Lecci&#xF3;n 12: el hombre en los pa&#xED;ses templados y fr&#xED;os.
Lecci&#xF3;n 13: transformaci&#xF3;n de los productos.</subfield>
  </datafield>
  <datafield tag="505" ind1="0" ind2=" ">
    <subfield code="a">Geograf&#xED;a descriptiva :</subfield>
    <subfield code="t">Lecci&#xF3;n 14: Europa.
Lecci&#xF3;n 15: Europa N&#xF3;rdica.
Lecci&#xF3;n 16: Europa Occidental: caracteres.
Lecci&#xF3;n 17: las islas brit&#xE1;nicas.
Lecci&#xF3;n 18: el benelux.
Lecci&#xF3;n 19: Francia.
Lecci&#xF3;n 20: la Europa Mediterr&#xE1;nea.
Lecci&#xF3;n 21: Italia.
Lecci&#xF3;n 22: la Pen&#xED;nsula Ib&#xE9;rica.
Lecci&#xF3;n 23: la Europa central.
Lecci&#xF3;n 24: Europa central (continuaci&#xF3;n).
Lecci&#xF3;n 25: Europa Danubiana.
Lecci&#xF3;n 26: la U:R:S:S</subfield>
  </datafield>
  <datafield tag="942" ind1=" " ind2=" ">
    <subfield code="2">ddc</subfield>
    <subfield code="c">LBS1</subfield>
  </datafield>
  <datafield tag="952" ind1=" " ind2=" ">
    <subfield code="0">0</subfield>
    <subfield code="1">0</subfield>
    <subfield code="2">ddc</subfield>
    <subfield code="7">0</subfield>
    <subfield code="8">PD</subfield>
    <subfield code="a">BNPHU</subfield>
    <subfield code="b">PD</subfield>
    <subfield code="c">HD</subfield>
    <subfield code="d">2021-02-11</subfield>
    <subfield code="l">0</subfield>
    <subfield code="o">BNPHU-xx R231g</subfield>
    <subfield code="p">2021-0152</subfield>
    <subfield code="r">2021-02-11</subfield>
    <subfield code="w">2021-02-11</subfield>
    <subfield code="y">LFPD</subfield>
  </datafield>
  <datafield tag="999" ind1=" " ind2=" ">
    <subfield code="c">49361</subfield>
    <subfield code="d">49361</subfield>
  </datafield>
</record>
